Komunikačné nástroje v ekonomickom vzdelávaní

Zdokumentovanie v súčasnej teórií platných základných východísk a overenie ich platnosti v súlade s trendmi vývoja v oblasti pedagogiky a didaktiky, hlavne v súvislosti s využívaním tradičných komunikačných nástrojov vo vzdelávacom procese.

Saved in:
Bibliographic Details
Main Author: Kedrová, Jana
Other Authors: Szarková, Miroslava, 1951-
Format: Book Chapter
Language:Slovak
Subjects:
Tags: Add Tag
No Tags, Be the first to tag this record!

MARC

LEADER 00000nla a2200000 4500
001 0161655
005 20240502083359.5
041 0 |a slo 
044 |a CZ 
245 1 0 |a Komunikačné nástroje v ekonomickom vzdelávaní  |c Jana Kedrová, Miroslava Szarková 
520 |a Zdokumentovanie v súčasnej teórií platných základných východísk a overenie ich platnosti v súlade s trendmi vývoja v oblasti pedagogiky a didaktiky, hlavne v súvislosti s využívaním tradičných komunikačných nástrojov vo vzdelávacom procese. 
610 2 0 |a vzdelávanie vysokoškolské 
610 2 0 |a programy študijné 
610 2 0 |a predmety učebné 
610 2 0 |a študenti 
610 2 0 |a didaktika 
610 2 0 |a pedagogika 
610 2 0 |a komunikácia 
610 2 0 |a zručnosti 
100 1 |a Kedrová, Jana 
700 1 |a Szarková, Miroslava, 1951-